[Event "VEN-ch U20 Girls"]
[Site "Merida"]
[Date "2013.04.??"]
[Round "1"]
[White "Rincon Gonzalez, Lilian Esther"]
[Black "Nava Guillen, Nayarith"]
[Result "1-0"]
[WhiteElo "1760"]
[BlackElo "1328"]
[PlyCount "75"]
[EventDate "2013.04.23"]
[EventType "swiss"]
[EventRounds "7"]
[EventCountry "VEN"]
[SourceTitle "EXT 2015"]
[Source "ChessBase"]
[SourceDate "2014.11.20"]
[SourceVersion "1"]
[SourceVersionDate "2014.11.20"]
[SourceQuality "1"]

1. e4 e5 2. d4 exd4 3. Nf3 Nc6 4. Nxd4 Bc5 5. Be3 Qf6 6. c3 Nge7 7. Bc4 Ne5 8. Be2 d5 9. 0-0 dxe4 10. Nd2 Bb6 11. Nxe4 Qg6 12. Ng3 0-0 13. Bf4 N5c6 14. Nxc6 Nxc6 15. Bf3 Rd8 16. Qa4 Bd7 17. Qe4 Re8 18. Qxg6 hxg6 19. Rfd1 Rad8 20. b4 Bf5 21. Nxf5 gxf5 22. a4 a6 23. a5 Ba7 24. Bxc7 Rc8 25. Bxc6 bxc6 26. Bb6 Bb8 27. g3 Re2 28. Rac1 Rce8 29. Rd7 Kf8 30. Bc5+ Kg8 31. Rb7 Re1+ 32. Rxe1 Rxe1+ 33. Kg2 Be5 34. Rb6 Bxc3 35. Rxa6 Rb1 36. Rxc6 Bxb4 37. Rc8+ Kh7 38. Rb8 1-0